<?xml version="1.0" encoding="UTF-8"?>
<record
    xmlns:xsi="http://www.w3.org/2001/XMLSchema-instance"
    xsi:schemaLocation="http://www.loc.gov/MARC21/slim http://www.loc.gov/standards/marcxml/schema/MARC21slim.xsd"
    xmlns="http://www.loc.gov/MARC21/slim">

  <leader>00373nam a22001457a 4500</leader>
  <controlfield tag="003">OSt</controlfield>
  <controlfield tag="005">20231012064732.0</controlfield>
  <controlfield tag="008">231012b        |||||||| |||| 00| 0 eng d</controlfield>
  <datafield tag="040" ind1=" " ind2=" ">
    <subfield code="c">IIMT COLLEGE OF ENGINEERING(MBA) GREATER NOIDA</subfield>
  </datafield>
  <datafield tag="100" ind1=" " ind2=" ">
    <subfield code="a">SALVATORE,DOMINICK</subfield>
  </datafield>
  <datafield tag="245" ind1=" " ind2=" ">
    <subfield code="a">MANAGERIAL ECONOMICS</subfield>
  </datafield>
  <datafield tag="260" ind1=" " ind2=" ">
    <subfield code="a">NEW DELHI </subfield>
    <subfield code="b">OXFORD</subfield>
    <subfield code="c">2012</subfield>
  </datafield>
  <datafield tag="300" ind1=" " ind2=" ">
    <subfield code="a">707</subfield>
  </datafield>
  <datafield tag="942" ind1=" " ind2=" ">
    <subfield code="2">ddc</subfield>
    <subfield code="c">02</subfield>
  </datafield>
  <datafield tag="999" ind1=" " ind2=" ">
    <subfield code="c">57407</subfield>
    <subfield code="d">57407</subfield>
  </datafield>
  <datafield tag="952" ind1=" " ind2=" ">
    <subfield code="0">0</subfield>
    <subfield code="1">0</subfield>
    <subfield code="2">ddc</subfield>
    <subfield code="4">0</subfield>
    <subfield code="7">0</subfield>
    <subfield code="a">21</subfield>
    <subfield code="b">21</subfield>
    <subfield code="d">2023-10-12</subfield>
    <subfield code="e">TRANSFER FROM PGDM TO MBA</subfield>
    <subfield code="l">0</subfield>
    <subfield code="p">21-B-5986</subfield>
    <subfield code="r">2023-10-12</subfield>
    <subfield code="w">2023-10-12</subfield>
    <subfield code="y">02</subfield>
  </datafield>
  <datafield tag="952" ind1=" " ind2=" ">
    <subfield code="0">0</subfield>
    <subfield code="1">0</subfield>
    <subfield code="2">ddc</subfield>
    <subfield code="4">0</subfield>
    <subfield code="7">0</subfield>
    <subfield code="a">21</subfield>
    <subfield code="b">21</subfield>
    <subfield code="d">2023-10-12</subfield>
    <subfield code="e">TRANSFER FROM PGDM TO MBA</subfield>
    <subfield code="l">1</subfield>
    <subfield code="p">21-B-5987</subfield>
    <subfield code="r">2026-01-08</subfield>
    <subfield code="s">2025-09-05</subfield>
    <subfield code="w">2023-10-12</subfield>
    <subfield code="y">02</subfield>
  </datafield>
  <datafield tag="952" ind1=" " ind2=" ">
    <subfield code="0">0</subfield>
    <subfield code="1">0</subfield>
    <subfield code="2">ddc</subfield>
    <subfield code="4">0</subfield>
    <subfield code="7">0</subfield>
    <subfield code="a">21</subfield>
    <subfield code="b">21</subfield>
    <subfield code="d">2023-10-12</subfield>
    <subfield code="e">TRANSFER FROM PGDM TO MBA</subfield>
    <subfield code="l">0</subfield>
    <subfield code="p">21-B-5988</subfield>
    <subfield code="r">2023-10-12</subfield>
    <subfield code="w">2023-10-12</subfield>
    <subfield code="y">02</subfield>
  </datafield>
  <datafield tag="952" ind1=" " ind2=" ">
    <subfield code="0">0</subfield>
    <subfield code="1">0</subfield>
    <subfield code="2">ddc</subfield>
    <subfield code="4">0</subfield>
    <subfield code="7">0</subfield>
    <subfield code="a">21</subfield>
    <subfield code="b">21</subfield>
    <subfield code="d">2023-10-12</subfield>
    <subfield code="e">TRANSFER FROM PGDM TO MBA</subfield>
    <subfield code="l">1</subfield>
    <subfield code="p">21-B-5989</subfield>
    <subfield code="r">2026-01-16</subfield>
    <subfield code="s">2025-11-26</subfield>
    <subfield code="w">2023-10-12</subfield>
    <subfield code="y">02</subfield>
  </datafield>
  <datafield tag="952" ind1=" " ind2=" ">
    <subfield code="0">0</subfield>
    <subfield code="1">0</subfield>
    <subfield code="2">ddc</subfield>
    <subfield code="4">0</subfield>
    <subfield code="7">0</subfield>
    <subfield code="a">21</subfield>
    <subfield code="b">21</subfield>
    <subfield code="d">2023-10-12</subfield>
    <subfield code="e">TRANSFER FROM PGDM TO MBA</subfield>
    <subfield code="l">1</subfield>
    <subfield code="p">21-B-5990</subfield>
    <subfield code="r">2026-01-24</subfield>
    <subfield code="s">2025-09-05</subfield>
    <subfield code="w">2023-10-12</subfield>
    <subfield code="y">02</subfield>
  </datafield>
  <datafield tag="952" ind1=" " ind2=" ">
    <subfield code="0">0</subfield>
    <subfield code="1">0</subfield>
    <subfield code="2">ddc</subfield>
    <subfield code="4">0</subfield>
    <subfield code="7">0</subfield>
    <subfield code="a">21</subfield>
    <subfield code="b">21</subfield>
    <subfield code="d">2023-10-12</subfield>
    <subfield code="e">TRANSFER FROM PGDM TO MBA</subfield>
    <subfield code="l">0</subfield>
    <subfield code="p">21-B-5991</subfield>
    <subfield code="r">2023-10-12</subfield>
    <subfield code="w">2023-10-12</subfield>
    <subfield code="y">02</subfield>
  </datafield>
  <datafield tag="952" ind1=" " ind2=" ">
    <subfield code="0">0</subfield>
    <subfield code="1">0</subfield>
    <subfield code="2">ddc</subfield>
    <subfield code="4">0</subfield>
    <subfield code="7">0</subfield>
    <subfield code="a">21</subfield>
    <subfield code="b">21</subfield>
    <subfield code="d">2023-10-12</subfield>
    <subfield code="e">TRANSFER FROM PGDM TO MBA</subfield>
    <subfield code="l">0</subfield>
    <subfield code="p">21-B-5992</subfield>
    <subfield code="r">2023-10-12</subfield>
    <subfield code="w">2023-10-12</subfield>
    <subfield code="y">02</subfield>
  </datafield>
</record>
